| 000 | 00587nam a2200241 a 4500 | ||
|---|---|---|---|
| 001 | nice12345678 | ||
| 003 | IN_TiNIC | ||
| 005 | 20260116012309.0 | ||
| 008 | 050524s1986 newa grp 000 0 eng | ||
| 020 |
_a _c70 |
||
| 082 | 0 | 0 |
_a954.91 _bRIA |
| 100 | _aRiaz, Fahmida | ||
| 245 | _aPakistan Literature and Society | ||
| 260 |
_aNew Delhi _bPatriot Publishers _c1986 |
||
| 300 | _a124p | ||
| 500 | _aincludes index and biblioraphy | ||
| 505 | 2 | _aindex | |
| 650 | _aPakistan-Social Conditions | ||
| 700 | 1 | _aRiaz, Fahmida | |
| 902 | _bSRS | ||
| 942 | _cBK | ||
| 999 |
_c6445 _d6445 |
||